| 000 | 01148nam a2200277 i 4500 | ||
|---|---|---|---|
| 001 | 187681 | ||
| 003 | ES-MaACL | ||
| 005 | 20251015193552.0 | ||
| 008 | 180115s1943 sp |||| |cspa d | ||
| 080 | _a94(460)"1759/88" | ||
| 080 | _a929 Villahermosa, Juan Pablo de Aragón Azlor, Duque de | ||
| 080 | _a929 Villahermosa, María Manuela Pignatelli de Aragón y Gonzaga, Duquesa de | ||
| 100 | 1 |
_aColoma, Luis, _d1851-1915 _939805 |
|
| 245 | 1 | 0 |
_aRetratos de antaño / _cP. Luis Coloma, S.I. |
| 250 | _a2ª ed. definitiva. | ||
| 260 |
_aMadrid : _b"Razón y Fe", _c1943. |
||
| 300 |
_a2 v. ; _c20 cm. |
||
| 490 | 1 |
_aObras completas ; _v9-10 |
|
| 500 | _aÍndice onomástico. | ||
| 600 | 1 | 7 |
_aVillahermosa, Juan Pablo de Aragón Azlor, _cDuque de, _d1730-1790 _2 _9151996 |
| 600 | 1 | 7 |
_aVillahermosa, María Manuela Pignatelli de Aragón y Gonzaga, _cDuquesa de, _d1753-1816 _2 _9151997 |
| 651 | 4 |
_aEspaña- _xHistoria- _y1759-1788, Carlos III. _98240 |
|
| 830 | 0 |
_aObras completas ; _v9-10 _9176447 |
|
| 852 |
_aES-MaACL _jL-31851-52 _z. - Donat. herederos de la bibl. de Mª del Pilar Costa Palacín |
||
| 999 |
_c187681 _d187681 |
||